000 00317nam a2200133Ia 4500
008 150201s2009 xx 000 0 und d
082 _a616.01
_bP09C
100 _aCHATTERGEE, KD
245 _aPARASIOTOLOGY:PROTOZOOLOGY
250 _a13TH
260 _bCBS
_aDELHI
_c2009
650 _aMICROBIOLOGY
942 _2ddc
_cBK
_05
999 _c626
_d626